| 000 | 00490nam a2200205Ia 4500 | ||
|---|---|---|---|
| 999 |
_c18032 _d18032 |
||
| 003 | 0100 | ||
| 005 | 20190724104848.0 | ||
| 008 | 130303s9999 xx 000 0 und d | ||
| 040 | _cARRUPELIB | ||
| 050 | _aHM146.E661996 | ||
| 100 |
_aPojman, Louis P _929366 |
||
| 245 | _aEquality | ||
| 245 | _bSelected Readings | ||
| 260 |
_aNY _bOxford UP Inc _c1994 |
||
| 300 | _a325p | ||
| 650 |
_bPsychology - Asia _947532 |
||
| 650 |
_cPhilosophy, Oriental _947533 |
||
| 700 |
_aLouis P. Pojman , Westmoreland, Robert _947534 |
||
| 942 |
_2lcc _cELECTRONIC |
||